[Event "8 Player Open 2"]
[Site "SchemingMind.com"]
[Date "2014.06.10"]
[Round "-"]
[White "Erik Johnson"]
[Black "APB"]
[Result "1-0"]
[WhiteCountry "USA"]
[BlackCountry "ENG"]
[WhiteElo "1616"]
[WhiteRD "69"]
[BlackElo "1705"]
[BlackRD "74"]
[GameID "359750"]

1. e4 c5 2. Nf3 e6 3. Bc4 Nc6 4. c3 d5 5. Bd3 Nf6 6. exd5 Nxd5 7. Be4 Be7 8. d4 Nf6 9. Bxc6+ bxc6 10. O-O O-O
11. Ne5 Qd5 12. Qf3 Qxf3 13. Nxf3 cxd4 14. Nxd4 Bc5 15. Nxc6 Bb7 16. Nd4 e5 17. Nf5 Rfd8 18. Be3 Bf8 19. Nd2 Ne4 20. Nxe4 Bxe4
21. Ng3 Bc2 22. b3 Rd3 23. c4 a6 24. Rac1 Rad8 25. Rxc2 Rd1 26. Rc1 R1d3 27. Ne4 f5 28. Nc3 f4 29. Bb6 R8d7 30. Nd5
1-0

[Event "8 Player Open 2"]
[Site "SchemingMind.com"]
[Date "2014.06.13"]
[Round "-"]
[White "Erik Johnson"]
[Black "emvarela"]
[Result "1-0"]
[WhiteCountry "USA"]
[BlackCountry "ARG"]
[WhiteElo "1644"]
[WhiteRD "74"]
[BlackElo "1627"]
[BlackRD "46"]
[GameID "359751"]

1. e4 e5 2. Nf3 Nc6 3. Bb5 a6 4. Bxc6 dxc6 5. Nc3 Bg4 6. h3 Bxf3 7. Qxf3 Qf6 8. d3 Bb4 9. Bd2 Qxf3 10. gxf3 Bxc3
11. Bxc3 f6 12. Rg1 g5 13. O-O-O O-O-O 14. h4 h6 15. hxg5 hxg5 16. Rh1 Ne7 17. Bb4 Ng6 18. Kb1 Kd7 19. a4 Rxh1 20. Rxh1 Rh8
21. Rxh8 Nxh8 22. Kc1 Ng6 23. Kd2 b6 24. Ke3 c5 25. Bc3 c6 26. b4 cxb4 27. Bxb4 c5 28. Bc3 b5 29. axb5 axb5 30. Ba5 Nf4
31. Bb6 Ne6 32. c3 b4 33. cxb4 cxb4 34. Ba5 b3 35. Bc3 Kc6 36. Kd2 Kc5 37. Kc1 Nd4 38. Kb2 Nxf3 39. Kxb3 Nd4+ 40. Kb2 Nb5
41. Ba5 Kd4 42. Kc2 Nd6 43. Bd8 Ne8 44. Kd2 g4 45. Bb6#
1-0

[Event "8 Player Open 2"]
[Site "SchemingMind.com"]
[Date "2014.06.15"]
[Round "-"]
[White "emvarela"]
[Black "Erik Johnson"]
[Result "1-0"]
[WhiteCountry "ARG"]
[BlackCountry "USA"]
[WhiteElo "1677"]
[WhiteRD "48"]
[BlackElo "1616"]
[BlackRD "69"]
[GameID "359752"]

1. e4 d5 2. exd5 Qxd5 3. Nc3 Qa5 4. d4 c6 5. Bd2 Qd8 6. Bc4 Qxd4 7. Bb3 Bg4 8. f3 Bd7 9. Nge2 Qe5 10. Bf4 Qc5
11. Ne4 Qa5+ 12. c3 f5 13. Ng5 Nh6 14. Nd4 g6 15. Nge6 Nf7 16. Nc7+
1-0

[Event "8 Player Open 2"]
[Site "SchemingMind.com"]
[Date "2014.06.10"]
[Round "-"]
[White "Erik Johnson"]
[Black "bobbassbone"]
[Result "0-1"]
[WhiteCountry "USA"]
[BlackCountry "ENG"]
[WhiteElo "1628"]
[WhiteRD "67"]
[BlackElo "1650"]
[BlackRD "61"]
[GameID "359753"]

1. e4 c6 2. d4 d5 3. Nc3 dxe4 4. Nxe4 Bf5 5. Nc3 Nf6 6. Be3 e6 7. Nf3 h6 8. Bd3 Bxd3 9. Qxd3 Bb4 10. O-O Bxc3
11. Qxc3 O-O 12. Qd2 Nbd7 13. Bxh6 gxh6 14. Qxh6 Nh7 15. Rae1 Qf6 16. Qh5 Qg6 17. Qh4 Ndf6 18. Re5 Qg4 19. Qh6 Qg6 20. Qd2 Kh8
21. Ng5 Nxg5 22. Rxg5 Qh6 23. Qf4 Rg8 24. Rxg8+ Nxg8 25. Qxf7 Qg7 26. Qxg7+ Kxg7 27. Re1 Kf7 28. c4 Nf6 29. b4 Rd8 30. Rd1 Ng8
31. g4 Nf6 32. f3 e5 33. g5 Nh5 34. d5 cxd5 35. cxd5 Nf4 36. d6 Ke6 37. a4 Nh3+ 38. Kg2 Nxg5 39. h4 Nf7 40. d7 Rxd7
41. Rxd7 Kxd7 42. Kg3 Ke6 43. Kg4 Kf6 44. b5 b6 45. h5 Nh6+ 46. Kh4 Kf5
0-1

[Event "8 Player Open 2"]
[Site "SchemingMind.com"]
[Date "2014.06.10"]
[Round "-"]
[White "bobbassbone"]
[Black "Erik Johnson"]
[Result "1/2-1/2"]
[WhiteCountry "ENG"]
[BlackCountry "USA"]
[WhiteElo "1618"]
[WhiteRD "54"]
[BlackElo "1607"]
[BlackRD "66"]
[GameID "359754"]

1. d4 Nf6 2. Bg5 d5 3. e3 Qd6 4. Bxf6 Qxf6 5. c3 Qg6 6. Nf3 e6 7. Nbd2 Bd6 8. Qb1 O-O 9. Qxg6 fxg6 10. O-O-O c5
11. Bb5 a6 12. Ba4 b5 13. Bc2 cxd4 14. exd4 Nc6 15. Rhe1 b4 16. h3 bxc3 17. bxc3 a5 18. Re2 a4 19. Rde1 Re8 20. Ng5 Re7
21. Nxe6 Bxe6 22. Rxe6 Rxe6 23. Rxe6 Ba3+ 24. Kd1 Na5 25. Bxa4 Rb8 26. Ra6 Nc4 27. Nxc4 dxc4 28. Bc2 Bb2 29. Kd2 Rc8 30. a4 Ba3
31. Be4 Be7 32. g3 Bd8 33. a5 g5 34. Ra7 h6 35. a6 Rb8 36. Rb7 Rxb7 37. axb7 Bc7 38. Bd5+ Kf8 39. Bxc4 Ke7 40. Bd3 Kd6
41. Ke3 Kd5 42. c4+ Kc6 43. Be4+ Kb6 44. c5+ Kb5 45. c6 Kc4 46. d5 Kc5 47. Kf3 Kd4 48. Bf5 Kxd5 49. Bd7 Ke5 50. Ke3 Bb8=
51. f3 Bc7 52. Kd3 Kd5 53. Ke3 Bxg3=
1/2-1/2

[Event "8 Player Open 2"]
[Site "SchemingMind.com"]
[Date "2014.06.10"]
[Round "-"]
[White "Erik Johnson"]
[Black "JDan"]
[Result "1-0"]
[WhiteCountry "USA"]
[BlackCountry "POL"]
[WhiteElo "1628"]
[WhiteRD "67"]
[BlackElo "1537"]
[BlackRD "52"]
[GameID "359755"]

1. e4 e6 2. d4 c5 3. Nf3 d5 4. exd5 exd5 5. Bb5+ Bd7 6. Bxd7+ Nxd7 7. O-O Ngf6 8. Bg5 Qb6 9. b3 g6 10. a4 Bg7
11. Re1+ Ne4 12. Be3 O-O 13. c4 dxc4 14. bxc4 Rfd8 15. Ra3 Rac8 16. Rb3 Qe6 17. Rxb7 Qxc4 18. Rxa7 Ne5 19. Nxe5 Bxe5 20. Na3 Qb4
21. Nc2 Nc3 22. Nxb4 Nxd1 23. dxe5 Nxe3 24. fxe3 Re8 25. Nd5 Rcd8 26. Nf6+ Kg7 27. Nxe8+
1-0

[Event "8 Player Open 2"]
[Site "SchemingMind.com"]
[Date "2014.06.10"]
[Round "-"]
[White "JDan"]
[Black "Erik Johnson"]
[Result "1-0"]
[WhiteCountry "POL"]
[BlackCountry "USA"]
[WhiteElo "1533"]
[WhiteRD "51"]
[BlackElo "1607"]
[BlackRD "66"]
[GameID "359756"]

1. e4 d5 2. d4 dxe4 3. c4 Nf6 4. Nc3 e6 5. g3 Bb4 6. Ne2 b6 7. Bg2 Bb7 8. O-O c5 9. Bg5 cxd4 10. Nxd4 Bc5
11. Nc2 O-O 12. Qxd8 Rxd8 13. Bxf6 gxf6 14. Nxe4 Kh8 15. Nxf6 Bxg2 16. Kxg2 Rd2 17. Rac1 Nc6 18. a3 Rad8 19. Ne4 R2d3 20. Nxc5 bxc5
21. b4 cxb4 22. axb4 Rd2 23. b5 Na5 24. Ne3 Re2 25. c5 Rc8 26. c6 Kg7 27. Ra1 Nxc6 28. bxc6 Rxc6 29. Rxa7 Rb6 30. Nc4 Rc6
31. Na5 Rcc2 32. Nb3 Rb2 33. Nd4 Re5 34. Nf3 Rf5 35. h3 h5 36. g4 hxg4 37. hxg4 Rf6 38. Ne5 Rc2 39. Kg3 Rc3+ 40. f3 Re3
41. Nc4 Rc3 42. Nd6 Rc6 43. g5 Rxd6 44. gxf6+ Kxf6 45. Ra5 Kg6 46. Rg1 Kf6 47. Kf4 Rd4+ 48. Ke3 Rd6 49. f4 Rb6 50. Rf1 Rb3+
51. Ke4 Rb4+ 52. Kd3 Rb3+ 53. Kc4 Rh3 54. f5 e5 55. Kd5 Rd3+ 56. Ke4 Rd4+ 57. Ke3 Rd6 58. Ra2 Ke7 59. Rd2 Ra6 60. Rd3 Kf6
61. Rd2 Ra3+ 62. Rd3 Ra4 63. Rb3 Ra6 64. Rb5 Ra3+ 65. Ke4 Ra4+ 66. Kd5 Rd4+ 67. Kc5 Rd8 68. Rb6+ Kg5 69. Rd6 Re8 70. Rd7 Kf6
71. Rd6+ Kg5 72. Rd5 Re7 73. Kd6 Kf6 74. Kc5 Re8 75. Rd6+ Kg5= 76. f6 e4 77. Rd7 e3 78. Rxf7 e2 79. Re1 Re5+ 80. Kd4 Re6
81. Kd3 Kg6 82. Rf8 Kf5 83. Rxe2 Rd6+ 84. Ke3 Re6+ 85. Kf3 Ra6 86. f7 Kf6 87. Rf2 Kg7 88. Rb8 Kxf7 89. Ke4+ Ke7 90. Rb7+ Ke6
91. Rd2 Ra4+ 92. Rd4 Ra6 93. Rb5 Ra7 94. Rb6+ Ke7 95. Kd5 Ra5+ 96. Kc6 Re5 97. Rb7+ Kf6 98. Rd6+ Kf5 99. Rb5 Rxb5 100. Kxb5 Ke5
101. Kc5
1-0

[Event "8 Player Open 2"]
[Site "SchemingMind.com"]
[Date "2014.06.10"]
[Round "-"]
[White "Erik Johnson"]
[Black "Robert Bruce"]
[Result "0-1"]
[WhiteCountry "USA"]
[BlackCountry "SCO"]
[WhiteElo "1607"]
[WhiteRD "66"]
[BlackElo "1944"]
[BlackRD "108"]
[GameID "359757"]

1. e4 c6 2. d4 d5 3. Nc3 dxe4 4. Nxe4 Bf5 5. Nc3 Nf6 6. Bg5 e6 7. Nf3 Bb4 8. Bd3 O-O 9. Bxf5 exf5 10. O-O Re8
11. Ne2 h6 12. Bxf6 Qxf6 13. c3 Bd6 14. Ng3 f4 15. Ne2 Nd7 16. a4 Re7 17. Nc1 Rae8 18. Nd3 Qf5 19. Re1 Rxe1+ 20. Ndxe1 Nf6
21. Nd3 c5 22. Nde5 Bxe5 23. Nxe5 Rd8 24. f3 cxd4 25. cxd4 Nd5 26. a5 Ne3 27. Qd2 Qxe5
0-1

[Event "8 Player Open 2"]
[Site "SchemingMind.com"]
[Date "2014.06.10"]
[Round "-"]
[White "Robert Bruce"]
[Black "Erik Johnson"]
[Result "1-0"]
[WhiteCountry "SCO"]
[BlackCountry "USA"]
[WhiteElo "1944"]
[WhiteRD "108"]
[BlackElo "1607"]
[BlackRD "66"]
[GameID "359758"]

1. f4 Nf6 2. Nf3 g6 3. g3 Bg7 4. Bg2 O-O 5. O-O c6 6. c4 a5 7. Nc3 d5 8. d4 Bf5 9. Nh4 Be4 10. Nxe4 dxe4
11. f5 a4 12. Bf4 Nh5 13. Be3 a3 14. b4 Nf6 15. fxg6 fxg6 16. Bh3 Nh5 17. Rxf8+ Qxf8 18. Qb3 Kh8 19. Ng2 b6 20. Rd1 h6
21. c5 b5 22. Nh4 Qe8 23. Be6 g5 24. Bf7
1-0

[Event "8 Player Open 2"]
[Site "SchemingMind.com"]
[Date "2014.06.10"]
[Round "-"]
[White "Erik Johnson"]
[Black "nigelfclincs"]
[Result "1-0"]
[WhiteCountry "USA"]
[BlackCountry "ENG"]
[WhiteElo "1607"]
[WhiteRD "66"]
[BlackElo "1360"]
[BlackRD "97"]
[GameID "359759"]

1. e4 e5 2. Nf3 f6 3. Nxe5 g6 4. Nf3 c6 5. d4 d5 6. Nc3 dxe4 7. Nxe4 Bg7 8. c3 Bg4 9. Be2 h5 10. h3 Bf5
11. Nc5 b6 12. Nb3 g5 13. Bd3 Bxd3 14. Qxd3 c5 15. Qg6+ Kf8 16. dxc5 Ne7 17. Qe4 Nbc6 18. Nbd4 Qd5 19. Qxd5 Nxd5 20. Nxc6 bxc5
21. Be3 Re8 22. O-O-O Nxe3 23. fxe3 Rxe3 24. Rd8+ Re8 25. Rxe8+ Kxe8 26. Re1+ Kf7 27. Re7+ Kg6 28. Rxa7 Bh6 29. Kb1 g4 30. hxg4 hxg4
31. Nh4+ Kg5 32. g3 Rc8 33. Ne7 Re8 34. Nef5 Kh5 35. Rh7 Re1+ 36. Kc2 Kg5 37. Rxh6 Re2+ 38. Kb3 Rxb2+ 39. Kxb2 c4 40. Rg6+ Kh5
41. Rxf6 Kg5 42. Rc6 Kh5 43. Rxc4 Kg5 44. a4 Kh5 45. a5
1-0

[Event "8 Player Open 2"]
[Site "SchemingMind.com"]
[Date "2014.06.10"]
[Round "-"]
[White "nigelfclincs"]
[Black "Erik Johnson"]
[Result "0-1"]
[WhiteCountry "ENG"]
[BlackCountry "USA"]
[WhiteElo "1360"]
[WhiteRD "97"]
[BlackElo "1607"]
[BlackRD "66"]
[GameID "359760"]

1. f3 e5 2. e4 d5 3. exd5 Qxd5 4. Nc3 Qa5 5. a3 c6 6. b3 f5 7. Bb2 Bd6 8. b4 Qd8 9. d4 exd4 10. Qe2+ Qe7
11. Qxe7+ Bxe7 12. Nce2 Nf6 13. Nxd4 c5 14. bxc5 Bxc5 15. Nb5 Na6 16. Bd4 Bxd4 17. Nxd4 O-O 18. Bc4+ Kh8 19. Ne6 Bxe6 20. Bxe6 Rfe8
21. Kf2 Rxe6 22. Nh3 Rc8 23. Ra2 Rec6 24. Rd1 h6 25. Nf4 Rxc2+ 26. Rxc2 Rxc2+ 27. Kg3 g5 28. Ng6+ Kg7 29. Ne5 f4+ 30. Kh3 Rc3
31. Rb1 b6 32. Ng4 Nxg4 33. Kxg4 Kg6 34. h4 h5+ 35. Kh3 g4+ 36. Kh2 g3+ 37. Kh3 Rxa3 38. Rb5 Nc5 39. Rb4 Ra4 40. Rb1 Nd3
41. Rb3 Nf2#
0-1

[Event "8 Player Open 2"]
[Site "SchemingMind.com"]
[Date "2014.06.15"]
[Round "-"]
[White "APB"]
[Black "David Hartley"]
[Result "0-1"]
[WhiteCountry "ENG"]
[BlackCountry "ENG"]
[WhiteElo "1724"]
[WhiteRD "75"]
[BlackElo "1845"]
[BlackRD "62"]
[GameID "359793"]

1. e4 e5 2. Nf3 Nc6 3. Bc4 Bc5 4. c3 Nf6 5. O-O d5 6. exd5 Ne7 7. Nxe5 Nfxd5 8. d4 Bb6 9. Nxf7 Kxf7 10. Qf3+ Ke6
11. Bf4 c6 12. Re1+ Kd7 13. Qg4+ Ke8 14. Qxg7 Rf8 15. Bg5 Rf7 16. Qh6 Bf5 17. Nd2 Kd7 18. Nf3 Bc7 19. Nh4 Qg8 20. Bxe7 Bf4
21. Nxf5 Bxh6 22. Nxh6 Qe8 23. Bg5 Re7 24. Bxe7 Nxe7 25. Ng4 Qf8 26. Be6+ Kc7 27. Re3 Ng6 28. g3 Re8 29. Rd1 h5 30. Bf5 hxg4
31. Bxg6 Rxe3 32. fxe3 Qh6 33. Bc2 Qxe3+ 34. Kf1 Qf3+ 35. Ke1 Qh1+
0-1

[Event "8 Player Open 2"]
[Site "SchemingMind.com"]
[Date "2014.06.15"]
[Round "-"]
[White "David Hartley"]
[Black "APB"]
[Result "1/2-1/2"]
[WhiteCountry "ENG"]
[BlackCountry "ENG"]
[WhiteElo "1800"]
[WhiteRD "61"]
[BlackElo "1705"]
[BlackRD "74"]
[GameID "359794"]

1. e4 c5 2. c3 e6 3. d4 d5 4. e5 Nc6 5. Nf3 Qb6 6. Bd3 f6 7. Bf4 Qxb2 8. Qc2 Qxc2 9. Bxc2 Bd7 10. Nbd2 Nge7
11. O-O Ng6 12. Bg3 f5 13. h3 Be7 14. Bh2 O-O 15. Nb3 b6 16. Rfd1 Na5 17. Nxa5 bxa5 18. a4 Rab8 19. Rab1 Rxb1 20. Rxb1 Bc8
21. Bd3 c4 22. Bc2 Re8=
1/2-1/2

[Event "8 Player Open 2"]
[Site "SchemingMind.com"]
[Date "2014.06.15"]
[Round "-"]
[White "David Hartley"]
[Black "Erik Johnson"]
[Result "1-0"]
[WhiteCountry "ENG"]
[BlackCountry "USA"]
[WhiteElo "1800"]
[WhiteRD "62"]
[BlackElo "1628"]
[BlackRD "67"]
[GameID "359795"]

1. e4 d5 2. exd5 Qxd5 3. Nc3 Qa5 4. d4 c6 5. Nf3 Bg4 6. Be2 Qh5 7. Ne4 Nf6 8. Ng3 Qa5+ 9. Bd2 Qb6 10. c3 Qxb2
11. Rb1 Qxa2 12. Rxb7 Qd5 13. Qa4 e6 14. Rxa7 Rxa7 15. Qxa7 Bd6 16. c4
1-0

[Event "8 Player Open 2"]
[Site "SchemingMind.com"]
[Date "2014.06.15"]
[Round "-"]
[White "Erik Johnson"]
[Black "David Hartley"]
[Result "0-1"]
[WhiteCountry "USA"]
[BlackCountry "ENG"]
[WhiteElo "1607"]
[WhiteRD "66"]
[BlackElo "1813"]
[BlackRD "64"]
[GameID "359796"]

1. e4 e5 2. Nf3 Nc6 3. Bb5 a6 4. Bxc6 dxc6 5. d4 exd4 6. Qxd4 Qxd4 7. Nxd4 Bc5 8. c3 Ne7 9. Bg5 Bd7 10. b4 Bd6
11. O-O Ng6 12. Nd2 O-O 13. Nc4 Rae8 14. f3 c5 15. bxc5 Bxc5 16. Be3 Be6 17. Nxe6 Bxe3+ 18. Nxe3 Rxe6 19. Rab1 b6 20. Rfd1 Rc8
21. Nd5 Kf8 22. a4 Rd6 23. c4 Rc6 24. Rdc1 Ne5 25. Ne3 Rc5 26. f4 Nd3 27. Rc3 Nxf4 28. Rb2 Re8 29. g3 Ng6 30. Nd5 Rxe4
31. Rbc2 Re1+ 32. Kg2 Ra1 33. Re3 Rxa4 34. Rce2 f6 35. Re8+ Kf7 36. h4 Ne5 37. Re7+ Kf8 38. Rxc7 Raxc4
0-1

[Event "8 Player Open 2"]
[Site "SchemingMind.com"]
[Date "2014.06.15"]
[Round "-"]
[White "David Hartley"]
[Black "emvarela"]
[Result "1-0"]
[WhiteCountry "ENG"]
[BlackCountry "ARG"]
[WhiteElo "1845"]
[WhiteRD "62"]
[BlackElo "1633"]
[BlackRD "47"]
[GameID "359797"]

1. e4 e5 2. c3 Nf6 3. d4 exd4 4. e5 Qe7 5. Be2 Qxe5 6. cxd4 Bb4+ 7. Nc3 Bxc3+ 8. bxc3 Qe7 9. Nf3 O-O 10. O-O d5
11. h3 Be6 12. a4 c6 13. Ba3 Qd7 14. Bxf8 Kxf8 15. Ng5 h6 16. Nxe6+ Qxe6 17. Re1 Nbd7 18. Ba6 Qf5 19. Bxb7 Rb8 20. Bxc6 Ne4
21. Qc2 Ndf6 22. Bb5 Nd6 23. Qxf5 Nxf5 24. Rab1 Ne4 25. Bd3 Rxb1 26. Bxb1 Nxc3 27. Bxf5
1-0

[Event "8 Player Open 2"]
[Site "SchemingMind.com"]
[Date "2014.06.15"]
[Round "-"]
[White "emvarela"]
[Black "David Hartley"]
[Result "0-1"]
[WhiteCountry "ARG"]
[BlackCountry "ENG"]
[WhiteElo "1627"]
[WhiteRD "46"]
[BlackElo "1801"]
[BlackRD "64"]
[GameID "359798"]

1. e4 e5 2. Nf3 Nf6 3. Nxe5 d6 4. Nf3 Nxe4 5. d4 d5 6. Bd3 Bd6 7. O-O O-O 8. c4 c6 9. Nc3 f5 10. Bxe4 fxe4
11. Nd2 Be6 12. cxd5 cxd5 13. Re1 Qf6 14. Qe2 Qxd4 15. Nb3 Qf6 16. Be3 Nc6 17. Rad1 Rad8 18. Nd4 Nxd4 19. Bxd4 Qh6 20. g3 Qg6
21. Qe3 b6 22. Nb5 Bb8 23. f4 Bxf4 24. Qc3 Rf7 25. Be5 Bxe5 26. Qxe5 Qf5 27. Qxf5 Bxf5 28. Nd4 g6 29. Nxf5 gxf5 30. Rd4 Kg7
31. Red1 Rfd7 32. Kf2 Kf6 33. Ke3 Ke5 34. a3 Rc8 35. R1d2 b5 36. h3 Rc4 37. Rxc4 bxc4 38. h4 Rb7
0-1

[Event "8 Player Open 2"]
[Site "SchemingMind.com"]
[Date "2014.06.15"]
[Round "-"]
[White "David Hartley"]
[Black "bobbassbone"]
[Result "1-0"]
[WhiteCountry "ENG"]
[BlackCountry "ENG"]
[WhiteElo "1813"]
[WhiteRD "64"]
[BlackElo "1618"]
[BlackRD "54"]
[GameID "359799"]

1. e4 c6 2. d4 d5 3. exd5 cxd5 4. c4 dxc4 5. Bxc4 e6 6. Nf3 Bb4+ 7. Bd2 Bxd2+ 8. Qxd2 Nc6 9. O-O Nf6 10. Nc3 b6
11. d5 exd5 12. Rfe1+ Be6 13. Nxd5 O-O 14. Nxf6+ Qxf6 15. Bxe6 fxe6 16. Re2 Qg6 17. Qd6 Nd8 18. Nd4 Re8 19. Rae1 Nb7 20. Qb4 Nc5
21. Qc4 Kf8 22. Nxe6+ Nxe6 23. Rxe6 Rxe6 24. Qxe6 Qxe6 25. Rxe6 Rc8 26. Kf1 Rc1+ 27. Re1 Rc2 28. Rb1 Kf7 29. g3 a5 30. a4 g5
31. b3 h5 32. b4 Kf6 33. bxa5 bxa5 34. Rb5 Rc1+ 35. Kg2 Ra1 36. Rxa5 Ra2 37. Ra8 g4 38. a5 Ke7 39. a6 Kd7 40. a7 Kc7
41. Rh8 Rxa7 42. Rxh5 Kd6 43. Rg5 Ra4 44. Rf5 Ke6 45. Rf4 Rxf4 46. gxf4 Kf5 47. Kg3
1-0

[Event "8 Player Open 2"]
[Site "SchemingMind.com"]
[Date "2014.06.15"]
[Round "-"]
[White "bobbassbone"]
[Black "David Hartley"]
[Result "0-1"]
[WhiteCountry "ENG"]
[BlackCountry "ENG"]
[WhiteElo "1618"]
[WhiteRD "54"]
[BlackElo "1813"]
[BlackRD "64"]
[GameID "359800"]

1. d4 d5 2. Bf4 c5 3. c3 Qb6 4. Qc2 Nc6 5. dxc5 Qxc5 6. e3 e5 7. Bg3 Nf6 8. Nf3 Bd6 9. Nbd2 Bd7 10. Be2 Qb6
11. O-O Qc7 12. Rfd1 e4 13. Bxd6 Qxd6 14. Nd4 Nxd4 15. exd4 O-O 16. Nf1 Rac8 17. f3 exf3 18. Bxf3 Bg4 19. Bxg4 Nxg4 20. g3 Rfe8
21. Re1 Re7 22. Rxe7 Qxe7 23. Qd2 Re8 24. a3 h5 25. Qf4 Qe2 26. Nd2 Qxh2+
0-1

[Event "8 Player Open 2"]
[Site "SchemingMind.com"]
[Date "2014.06.15"]
[Round "-"]
[White "David Hartley"]
[Black "JDan"]
[Result "1-0"]
[WhiteCountry "ENG"]
[BlackCountry "POL"]
[WhiteElo "1845"]
[WhiteRD "62"]
[BlackElo "1408"]
[BlackRD "58"]
[GameID "359801"]

1. e4 e6 2. d4 c5 3. c3 d5 4. e5 Nc6 5. f4 Qb6 6. Nf3 Nh6 7. Bd3 Nf5 8. Bxf5 exf5 9. b3 Be7 10. Be3 f6
11. O-O O-O 12. Kh1 fxe5 13. dxe5 Be6 14. Na3 Rad8 15. Nc2 Qa5 16. Bd2 b5 17. c4 b4 18. cxd5 Bxd5 19. Qe1 Be4 20. Ne3 Nd4
21. Nxd4 Rxd4 22. a4 Rd3 23. Qd1 Qc7 24. Ra2 c4 25. Nxc4 Bd5 26. Qb1 Bxc4 27. bxc4 Qxc4 28. Rc1 Qd4 29. Qb2 b3 30. Qxd4 Rxd4
31. Bc3 Rxf4 32. Raa1 Rf2 33. Rcb1 b2 34. Rxb2 Rf4 35. Rb7 Bc5 36. e6 Re8 37. Rxg7+ Kf8 38. Rxh7 Rxe6 39. g3 Rf2 40. Rb1 Bb6
41. a5 Bd8 42. Rh8+ Ke7 43. Rb7+ Kd6 44. Rxd8+ Kc6 45. Rb2 Rf1+ 46. Kg2 Rc1 47. Ra8 Re7 48. Bd4
1-0

[Event "8 Player Open 2"]
[Site "SchemingMind.com"]
[Date "2014.06.15"]
[Round "-"]
[White "JDan"]
[Black "David Hartley"]
[Result "0-1"]
[WhiteCountry "POL"]
[BlackCountry "ENG"]
[WhiteElo "1537"]
[WhiteRD "52"]
[BlackElo "1800"]
[BlackRD "62"]
[GameID "359802"]

1. e4 e5 2. Nf3 Nc6 3. Bc4 Bc5 4. b4 Bxb4 5. c3 Bc5 6. d4 exd4 7. cxd4 Bb4+ 8. Nbd2 d6 9. O-O Bg4 10. Qb3 Qe7
11. Qd3 O-O-O 12. Bb2 Nf6 13. Ng5 Bh5 14. Qh3+ Rd7 15. Ndf3 Bxf3 16. Qxf3 d5 17. exd5 Nd8 18. a3 Ba5 19. Bd3 Kb8 20. Rfc1 Bd2
21. Bf5 Bxc1 22. Bxc1 Qe1#
0-1

[Event "8 Player Open 2"]
[Site "SchemingMind.com"]
[Date "2014.06.15"]
[Round "-"]
[White "David Hartley"]
[Black "Robert Bruce"]
[Result "0-1"]
[WhiteCountry "ENG"]
[BlackCountry "SCO"]
[WhiteElo "1813"]
[WhiteRD "64"]
[BlackElo "1944"]
[BlackRD "108"]
[GameID "359803"]

1. e4 c6 2. d4 d5 3. exd5 cxd5 4. c4 Nf6 5. Nc3 Nc6 6. Be2 dxc4 7. Be3 Bf5 8. Bxc4 e6 9. Nf3 Bb4 10. a3 Bxc3+
11. bxc3 O-O 12. Bg5 Qa5 13. Bd2 Rad8 14. O-O Bg4 15. Be2 Ne4 16. Qc1 Bxf3 17. Bxf3 Nxd4 18. Bxe4 Ne2+
0-1

[Event "8 Player Open 2"]
[Site "SchemingMind.com"]
[Date "2014.06.15"]
[Round "-"]
[White "David Hartley"]
[Black "nigelfclincs"]
[Result "1-0"]
[WhiteCountry "ENG"]
[BlackCountry "ENG"]
[WhiteElo "1813"]
[WhiteRD "64"]
[BlackElo "1360"]
[BlackRD "97"]
[GameID "359805"]

1. e4 e5 2. Nf3 f6 3. Bc4 Ne7 4. Nc3 c6 5. d4 d5 6. exd5 cxd5 7. Bb5+ Bd7 8. Bxd7+ Nxd7 9. dxe5 Nc6 10. exf6 Nxf6
11. O-O g6 12. Bg5 Bg7 13. Re1+ Kf7 14. Qd2 Qd7 15. Ne5+ Nxe5 16. Rxe5 Ne4 17. Rxe4 Rae8 18. Rf4+ Ke6 19. Re1+ Be5 20. Rf6+ Ke7
21. Rxe5+ Kd8 22. Rf7+ Kc8 23. Rxd7 Rxe5 24. Rxd5 Ree8 25. Bf4 Rhf8 26. Rc5#
1-0

[Event "8 Player Open 2"]
[Site "SchemingMind.com"]
[Date "2014.06.15"]
[Round "-"]
[White "nigelfclincs"]
[Black "David Hartley"]
[Result "0-1"]
[WhiteCountry "ENG"]
[BlackCountry "ENG"]
[WhiteElo "1360"]
[WhiteRD "97"]
[BlackElo "1813"]
[BlackRD "64"]
[GameID "359806"]

1. e4 e5 2. d4 exd4 3. Qxd4 Nc6 4. Qd1 Nf6 5. f3 Bb4+ 6. c3 Ba5 7. b4 Bb6 8. Ne2 a6 9. g4 d6 10. Nd4 Nxd4
11. cxd4 Bd7 12. Bb2 Qe7 13. e5 dxe5 14. dxe5 Qxb4+ 15. Bc3 Qe7 16. Be2 Nxg4 17. fxg4 Bxg4 18. Bxg4 Qh4+ 19. Ke2 Qf2+ 20. Kd3 Rd8+
21. Ke4 Rxd1 22. Rxd1 Qe3+ 23. Kf5 h5 24. Bxh5 Rxh5+ 25. Kg4 Qe2+ 26. Kf4 Qxd1 27. Nd2 Qa4+ 28. Kg3 Qh4+ 29. Kg2 Qf2+ 30. Kh1 Qxh2#
0-1